00270nam a2200097 a 450000500170000000800410001705000180005810000230007624500360009926000370013520140414131900.0100916s19uu xx 00 eng d aFICbB35 1995 aBetancourt, Jeanne aPony pals :ba pony in trouble. aNew York :bScholastic ,c1997.